000 00943 a2200229 4500
001 54403
005 20260407155817.0
008 260407a2001 arg spa d
003 AR-UNSa-BCEJYS
040 _aAR-UNSa-BCEJYS
_bspa
_cAR-UNSa-BCEJYS
080 _a316.421:339.9
_xOrigen de las sociedades globales y estructura social, económico, político y cultural (Globalización)
245 1 0 _aArgentina y Brasil en la globalización
_p¿Mercosur o ALCA?
020 _a950-557-405-3
264 1 _aBuenos Aires :
_bFondo de Cultura Económica
_c2001
300 _a106 p.
_c17 cm.
505 _a1. La globalización - 2. La Argentina - 3. La relación de la Argentina y Brasil - Argentina y Brasil ante sus alternativas históricas - 1. El nuevo orden mundial - 2. Alternativas para América del Sur
041 _aspa
942 _cBK
590 _aniveau_biblio:m niveau_hierar:0
100 1 _aFerrer, Aldo
700 1 _aJaguaribe, Helio
999 _c5560
_d5560